| 000 | 01040nam a2200301 a 4500 | ||
|---|---|---|---|
| 001 | 000016530 | ||
| 003 | DO-SdBNP | ||
| 005 | 20260324114154.0 | ||
| 008 | 100308s2001 dr acd 000 0 spa d | ||
| 020 | _z8495188163 | ||
| 040 |
_aDO-SdBNP _bspa _cBNPHU |
||
| 082 |
_a551.6 _bH557c, 2001 |
||
| 100 | 1 |
_aHernández, Ana Jesús _934589 |
|
| 245 | 1 | 0 |
_aCambio climático, actualidad científica y accción educativa / _cAna Jesús Hernández. |
| 250 | _a2ª ed. | ||
| 260 |
_aSanto Domingo : _bCentro Poveda, _c2001. |
||
| 300 |
_a88 p. : _bil., gráfcs., retrs. ; _c29 cm. |
||
| 490 | 1 |
_aCuadernos de Sociedad y Educación _v11 |
|
| 500 | _aIncluye glosario: p. 83-85. | ||
| 504 | _aBibliografía : p. 87-88. | ||
| 590 | _aInventariado, 2020/BT | ||
| 650 | 4 |
_aClimatología _xEnseñanza _936774 |
|
| 650 | 0 |
_aCambios climáticos _xEnseñanza _933988 |
|
| 650 | 4 |
_aCiencias naturales _xEnseñanza _925754 |
|
| 830 | 0 |
_aCuadernos de Sociedad y Educación _v11 _936776 |
|
| 910 | _aValidado. Control de calidad EMS | ||
| 942 |
_2ddc _cLBS1 |
||
| 999 |
_c16064 _d16064 |
||